01000cam a22002057a 4500020001800000020001500018040001000033082002600043245011700069260007600186300004900262500027500311500003900586650002800625650001600653650001800669650001800687700002800705710006100733 a9789251071434 a9251071438 cCN3GA a664 FOO 2012 A038 Or.00aIntegrating food security information in national statistical systems :bexperiences, achievements, challenges / aRome :bFood and Agriculture Organization of the United Nations,c2012. axv, 130 p. :bcol. ill., col. maps ;c30 cm. a"This publication was prepared in the context of the EC-FAO Programme on 'Linking Information and Decision Making to Improve Food Security', which is funded by the European Union (EU) and Implemented by the Food and Agriculture Organization (FAO) of the United Nations." a"I2588E/1/01.12"--P. [4] of cover. 0aFood industry and trade 0aFood supply 0aFood security 0aFood security1 aRamasawmy, Seevalingum.2 aFood and Agriculture Organization of the United Nations.